| 000 | 00349nam a2200133 a 4500 | ||
|---|---|---|---|
| 001 | 4859 | ||
| 003 | CDMR | ||
| 005 | 20130724103628.0 | ||
| 008 | 130116s1998||||||||||||d|||||||||||||||d | ||
| 040 |
_aCDMR _bcat _cCPC LLEIDA |
||
| 245 | 2 |
_aI Congreso Internacional de la Publicación Electrònica _bmayo 1998 |
|
| 260 |
_aBarcelona _c1998 |
||
| 942 |
_cMON _2udc |
||
| 999 |
_c6619 _d6619 |
||